00707nam a22002297a 450000500170000001000130001702000230003003500130005303700160006604000120008208200150009410000180010924501090012726000510023627000500028730000210033750000400035865000350039865000140043370000160044770000140046320170124110211.0 aB-158797 c795.00a8176488585 aB-158797 bCen Lib/Ret aDPLbEN a639.3bPAN aPanday, P. N. aEconomics of fisheries :cby P.N.Panday, B.K.Gorai [and] B.C.Jhabecology and fisheries of Oxbow Lakes / aNew DelhibA.P.H Publishing Corporation c2005 a5, Ansari Road, Daryaganj bNew Delhie110002 a191p. c24cm(Hb) aIncludes bibliographical references aFisheries -- Economic aspects  aFisheries aGorai, B.K. aJha, B.C.